LEADER 00991nam a2200217 i 4500 001 000000181962 003 CaOOAMICUS 005 20190128104651.0 008 091001s1962 it u000 u ita u 013 $a159888 040 $aSeMil$bita 245 10$aOriente cattolico :$bcenni storici e statistiche /$cSacra Congregazione per la Chiesa Orientale. 260 $aCittą del Vaticano :$b[s.n.],$c1962$e(Roma :$fTip. P. U. G.,$g1962) 300 $aIX, 812 p., [1] p. di ritratto ;$c22 cm. 650 4$aChiesa cattolica e Chiese Orientali.$0(OLS)http://semarc/subject/4348 710 0 $aSanta Sede : Sacra Congregazione per le Chiese Orientali.$0(OLS)http://semarc/name/67107 850 $aSeMil 852 $aSeMil$W1$xVenegono$y1$m3E II 135$j132666$B132666$CSeMilBibl$Z2$F144524 $81 996 $6245$aOriente cattolico :$bcenni storici e statistiche$9(OLS)http://semarc/title/261122 996 $6260$aCittą del Vaticano :$b[s.n.]$9(OLS)http://semarc/publisher/29836 LEADER 01129nam a2200217 i 4500 001 000000248175 003 CaOOAMICUS 005 20160304000000.0 008 160304s1788 xx u000 u lat u 013 $a227080 026 $ao.as m,e- a-am geDo (3) 1788 (R) 040 $aSeMil$bita 245 10$aPars hyemalis. A Dominica prima Adventus usque ad Dominicam primam quadragesimae. 300 $aLXXXIII, [1], 524, CCLXVIII p., [1] carta di tav. :$bantip. 500 $aSegn. : *-4*8 5*10 A-2I8 2K6 a-q8 r6. 773 0 $aChiesa Cattolica$tBreviarium romanum ex decreto sacrosancti Concilii Tridentini restitutum, s. Pii 5. pontificis Max. jussu editum, Clementis 8. ac Urbani 8. Auctoritate recognitum, cum officiis Sanctorum ... In quatuor anni tempora divisum..$dPatavii : Typis Seminarii ; apud Thomam Bettinelli, 1788.$w()31151 850 $aSeMil 852 $aSeMil$W1$xVenegono$y1$m2ZA VI 30 FA$j198521$B198521$CSeMilBibl$Z2$F209658 $8I 941 1 $a10 961 $aRecupero: Mantegazza 996 $6245$aPars hyemalis. A Dominica prima Adventus usque ad Dominicam primam quadragesimae$9(OLS)http://semarc/title/350255